América Latina (Registro nro. 19439)
[ vista simple ]
| 000 -CABECERA | |
|---|---|
| Longitud fija campo de control | 00674nam a2200217 a 4500 |
| 003 - IDENTIFICADOR DELl NÚMERO DE CONTROL | |
| Identificador del número de control | OSt |
| 005 - FECHA Y HORA DE LA ÚLTIMA TRANSACCIÓN | |
| Fecha y hora de la última transacción | 20150325175917.0 |
| 008 - CÓDIGOS DE INFORMACIÓN DE LONGITUD FIJA | |
| Códigos de información de longitud fija | 020226s1963 esp 001 0 spa d |
| 040 ## - FUENTE DE LA CATALOGACIÓN | |
| Centro transcriptor | BMC |
| 082 ## - NÚMERO DE LA CLASIFICACIÓN DECIMAL DEWEY | |
| Númeroo de clasificación | 980 |
| 100 1# - PUNTO DE ACCESO PRINCIPAL-NOMBRE DE PERSONA | |
| 9 (RLIN) | 32563 |
| Nombre de persona | Beals, Carleton |
| Fechas asociadas al nombre | 1893-1979 |
| 245 10 - MENCIÓN DE TÍTULO | |
| Título | América Latina |
| Resto del título | : mundo en revolución |
| Mención de responsabilidad, etc. | Carleton Beals ; traducción de, Liliane Isler |
| 260 ## - PUBLICACIÓN, DISTRIBUCIÓN, ETC. (PIE DE IMPRENTA) | |
| Lugar de publicación, distribución, etc. | Buenos Aires |
| Nombre del editor, distribuidor, etc. | Palestra |
| Fecha de publicación, distribución, etc. | 1963 |
| 300 ## - DESCRIPCIÓN FÍSICA | |
| Extensión | 366 p. |
| Dimensiones | 19 cm |
| 490 ## - MENCIÓN DE SERIE | |
| Mención de serie | Historia viva |
| 546 ## - NOTA DE LENGUA | |
| Nota de lengua | Traducción de: "Latin América, world in revolution" |
| 651 24 - PUNTO DE ACCESO ADICIONAL DE MATERIA - NOMBRE GEOGRÁFICO | |
| Nombre geográfico | América latina |
| 9 (RLIN) | 3454 |
| Subdivisión de materia general | Historia |
| 700 1# - PUNTO DE ACCESO ADICIONAL - NOMBRE DE PERSONA | |
| 9 (RLIN) | 31903 |
| Nombre de persona | Selser, Gregorio |
| 700 1# - PUNTO DE ACCESO ADICIONAL - NOMBRE DE PERSONA | |
| 9 (RLIN) | 32562 |
| Nombre de persona | Isler, Liliane |
| 942 ## - ENTRADA DE ELEMENTOS AGREGADOS (KOHA) | |
| Fuente de clasificaión o esquema | Dewey Decimal Classification |
| Koha [por defecto] tipo de item | 1- Monografias |
| Suprimido | Perdido | Fuente de clasificación o esquema | Estropeado | Restricciones de uso | No para préstamo | Código de colección | Localización permanente | Localización actual | Localización en estanter&íacute;as | Fecha adquisición | Fuente de adquisición | Número de inventario | Préstamos totales | Signatura completa | Código de barras | Fecha última consulta | Coste, precio reemplazado | Fecha del precio de reemplazo | Tipo de item de Koha |
|---|---|---|---|---|---|---|---|---|---|---|---|---|---|---|---|---|---|---|---|
| NULL | NULL | Dewey Decimal Classification | NULL | Prestable | NULL | NULL | Biblioteca Miguel de Cervantes - UNICAES | Biblioteca Miguel de Cervantes - UNICAES | Sala Principal | 13/03/2015 | Donación - Mayorga Rivas | 028992 | 980 BEA ame | 1029611 | 13/03/2015 | 3.96 | 13/03/2015 | 1- Monografias |